| 000 | 00697nam a2200217Ia 4500 | ||
|---|---|---|---|
| 003 | IN-BaIIA | ||
| 008 | 211028s9999 xx 000 0 eng d | ||
| 020 | _a0-13-946053-5 | ||
| 040 | _cIIA Library | ||
| 080 |
_a535.215 _bHAU |
||
| 100 |
_aHaus, Hermann A. _913427 |
||
| 245 | 0 |
_aWaves and fields in optoelectronics _cHermann A. Haus |
|
| 260 |
_aEnglewood Cliffs _bPrentice-Hall _c1984 |
||
| 300 | _axii, 402p. | ||
| 490 | _aPrentice-Hall series in solid state physical electronics | ||
| 650 |
_aElectromagnetic Waves _92401 |
||
| 650 | _aNASA Thesaurus | ||
| 650 |
_aOptoelectronics _93202 |
||
| 650 |
_aQuantum Electronics _94678 |
||
| 942 | _cBK | ||
| 999 |
_c7957 _d7957 |
||